Séries TV par métiers #5 (et noms des personnages) - Statistiques

Statistiques générales
  • Ce quiz a été pris 155 fois
  • Le résultat moyen est 10 sur 20
Statistiques - réponses
Hint Réponse % Correct
Créateur de mode (Pierre Cadault) Emily In Paris
77%
Experte Scientifique (Abigail Sciuto) NCIS : Enquêtes spéciales
72%
Chroniqueuse au journal "The Bay Mirror" (Phoebe Halliwell) Charmed
65%
Constructeur de bateaux et Guerrier (Floki) Vikings
64%
Policier (Hwang Jun-ho) Squid Game
62%
Bourreau (Ilyn Payne) Game Of Thrones
61%
Lieutenant (Chloe Decker) Lucifer
58%
Directrice de Nevermore (Larissa Weems) Mercredi
57%
Gérant d'une entreprise de transports et déménagements (Michael Kyle) Ma Famille d'abord
53%
Majordome (Jeffrey) Le Prince de Bel Air
49%
Agent Correctionnel / Conseiller (Sam Healy) Orange Is the New Black
49%
Inspecteur (Sami Gerçan) Alerte Cobra
43%
Barmaid (Emily Fields) Pretty Little Liars
43%
Mécanicienne et experte en explosifs (Raven Reyes) The 100
42%
Styliste (Hugo Haas) Le Destin de Lisa
41%
Journaliste (Robin Scherbatsky) How I Met Your Mother
39%
Directeur des études (Gaspar Ruiz) Un, dos, tres
38%
Informaticien (Broots) Le Caméléon
24%
Professeur d'art (Roch Madrona) Physique ou Chimie
23%
Médecin (Julius Hibbert) Les Simpson
17%
Aucun quiz correspondant
Distribution des résultats
% des personnes avec chaque résultat
Percentile par nombre de réponses
Votre historique - résultats
Vous n’avez pas pris ce quiz